Normal view
MARC view
Entry Personal Name
001 - CONTROL NUMBER
- control field: 60645
003 - CONTROL NUMBER IDENTIFIER
- control field: dpl
005 - DATE AND TIME OF LATEST TRANSACTION
- control field: 20240104144529.0
008 - FIXED-LENGTH DATA ELEMENTS
- fixed length control field: 240104|| aca||aabn | a|a d
040 ## - CATALOGING SOURCE
- Original cataloging agency: dpl
- Transcribing agency: dpl
100 ## - HEADING--PERSONAL NAME
- Personal name: त्रिपाठी,शैलेन्द्र मणि
670 ## - SOURCE DATA FOUND
- Source citation: Work cat.: (dpl)199950: त्रिपाठी,शैलेन्द्र मणि , भारत की गुटनिरपेक्ष नीति/, 2019
